| 000 | 00411cam a2200193 4500 | ||
|---|---|---|---|
| 001 | D13406 | ||
| 008 | 090401t1961 xxu||||| |||| 00| 0 eng d | ||
| 035 | _a(Sirsi) u9566 | ||
| 041 | _aeng | ||
| 100 | _aMegarry, R.E. | ||
| 245 | 4 | _aThe rent Acts | |
| 250 | _a9th | ||
| 260 |
_bStevens & Sons _c1961 |
||
| 350 | _a0 | ||
| 520 | _aShelf 132 | ||
| 700 | _aBramall, A. | ||
| 942 | _n0 | ||
| 948 | _c04/03/1997 | ||
| 999 |
_c86642 _d86642 |
||